| 000 | 00000nam##2200000za#4500 |
| 001 | 9.687854 |
| 003 | CaOODSP |
| 005 | 20210624231150 |
| 007 | cr ||||||||||| |
| 008 | 150407|2005||||xxc|||||o f|0| 0 eng|d |
| 020 | |a0-662-41917-0 |
| 040 | |aCaOODSP|beng |
| 043 | |an-cn--- |
| 086 | 1 |aNS3-38/2005E-PDF |
| 110 | 2 |aNatural Sciences and Engineering Research Council of Canada. |
| 245 | 10|aFrom opportunity to action : |h[electronic resource]|ba progress report on Canada's renewal of Northern Research / |cwritten by John Graham and Evlyn Fortier. |
| 260 | |aOttawa - Ontario : |bNatural Sciences and Engineering Research Council |c2005. |
| 300 | |a86p.|bphotographs |
| 500 | |a"Report submitted by the Institute On Governance to the Planning Committee for the Dialogue on Northern Research". The ISBN (0-662-42269-4) and cat. no (NS3-38/2005E) for the print edition have been incorrectly copied in the pdf edition. |
| 590 | |a12-40-Supp|b2012-10-23 |
| 690 | 07|aResearch|2gcpds |
| 720 | 1 |aGraham, John |
| 720 | 1 |aFortier, Evlyn |
| 775 | 08|tDe la relance à l'action : |w(CaOODSP)9.632294 |
| 856 | 40|ahttp://publications.gc.ca|qPDF|s4428 KB|uhttps://publications.gc.ca/collections/collection_2012/crsng-nserc/NS3-38-2005-eng.pdf |